| 000 | 00403nam a2200145Ia 4500 | ||
|---|---|---|---|
| 005 | 20240625013621.0 | ||
| 008 | 240331s9999 xx 000 0 und d | ||
| 082 |
_a060 _bKAD |
||
| 100 | _aOmurkulov, Kadyr | ||
| 245 | 0 |
_aKirghizia _cKadyr, Omurkulov |
|
| 260 |
_aMoscow _bNovosti Press Agency Publishing House _c1987 |
||
| 300 | _a85 p., | ||
| 500 | _aSocialist Republics of the Soviet Union | ||
| 942 | _cL | ||
| 999 |
_c644 _d644 |
||